Report writing for business / (Record no. 346841)
[ view plain ]
| 000 -LEADER | |
|---|---|
| fixed length control field | 01216 a2200193 4500 |
| 020 ## - INTERNATIONAL STANDARD BOOK NUMBER | |
| International Standard Book Number | 0256115656 (paperback) |
| 020 ## - INTERNATIONAL STANDARD BOOK NUMBER | |
| International Standard Book Number | 9780256115659 (paperback) |
| 082 04 - DEWEY DECIMAL CLASSIFICATION NUMBER | |
| Classification number | 808.066651 |
| 090 ## - LOCALLY ASSIGNED LC-TYPE CALL NUMBER (OCLC); LOCAL CALL NUMBER (RLIN) | |
| -- | 4396 |
| -- | 4396 |
| 100 1# - MAIN ENTRY--PERSONAL NAME | |
| Personal name | Lesikar, Raymond V. |
| 245 10 - TITLE STATEMENT | |
| Title | Report writing for business / |
| Statement of responsibility, etc. | Raymond V. Lesikar, John D. Pettit. |
| 250 ## - EDITION STATEMENT | |
| Edition statement | 9th ed. |
| 260 ## - PUBLICATION, DISTRIBUTION, ETC. | |
| Place of publication, distribution, etc. | [S.l.] : |
| Name of publisher, distributor, etc. | Richard D Irwin, |
| Date of publication, distribution, etc. | 1994. |
| 300 ## - PHYSICAL DESCRIPTION | |
| Extent | 480 p. ; |
| Dimensions | 24 cm. |
| 520 ## - SUMMARY, ETC. | |
| Summary, etc. | Because learning communication is a prerequisite for success, this text applies the concept of writing and speaking to business communication. It integrates basic skills, intellectual inquiry and specific topics of communication applicable to the professional world. New material on using the techniques of writing, speaking, and interpersonal communication to make meetings more productive includes checklists to help prepare for and run meetings and a section on managing difficult personalities. Information databases are covered as new research tools, which can increase productivity, accuracy, and credibility. |
| 700 1# - ADDED ENTRY--PERSONAL NAME | |
| Personal name | Pettit, John D. |
| 856 40 - ELECTRONIC LOCATION AND ACCESS | |
| Materials specified | Amazon.com |
| Uniform Resource Identifier | <a href="http://www.amazon.com/exec/obidos/ASIN/0256115656/chopaconline-20">http://www.amazon.com/exec/obidos/ASIN/0256115656/chopaconline-20</a> |
| 942 ## - ADDED ENTRY ELEMENTS (KOHA) | |
| Institution code [OBSOLETE] | NBS |
| Koha item type | Book |
| Call number prefix | 808.066651 LES |
| Withdrawn status | Lost status | Damaged status | Not for loan | Permanent Location | Current Location | Date acquired | Total Checkouts | Full call number | Barcode | Date last seen | Price effective from | Koha item type |
|---|---|---|---|---|---|---|---|---|---|---|---|---|
| Central Library (CL) | Central Library (CL) | 08/28/2013 | 808.066651 LES | NBS652 | 04/21/2016 | 08/28/2013 | Book | |||||
| Central Library (CL) | Central Library (CL) | 08/28/2013 | 808.066651 LES | NBS829 | 08/28/2013 | 08/28/2013 | Book |
